Oceanian Geography By Letter E - Picture Quiz - Statistics

General Stats
  • This quiz has been taken 327 times
  • The average score is 4 of 9
Answer Stats
Picture Hint Answer % Correct
{Easter} Island
98%
(animal) Emu
93%
(official language) English
77%
(animal) Echidna
57%
(colonial name) {Ellice} Islands
13%
{Eyre} Peninsula
13%
(island) Efate
5%
(animal) {Emperor} Shrimp
4%
(animal) {Estuarine} Crocodile
4%
No matching quizzes found
Score Distribution
Percent of People with Each Score
Percentile by Number Answered
Your Score History
You have not taken this quiz